| 000 | 00954cam a22002411i 4500 | ||
|---|---|---|---|
| 003 | SA-RiAUC | ||
| 005 | 20250705111834.0 | ||
| 008 | 250704s1999 ||| g 000 p ara c | ||
| 040 |
_aEG-CaDAJ _bara _cSA-RiAUC _erda |
||
| 082 | 0 | 4 | _a811.062 |
| 090 |
_a811.062 _bم ن ف |
||
| 245 | 0 | 2 |
_aالمنفرجتان / _cتحقيق عبد المجيد دياب. |
| 264 | 1 |
_a[مكان النشر غير محدد] : _bدار الفضيلة، _c1999 |
|
| 300 | _a146 صفحة | ||
| 336 |
_aنص _btxt _2rdacontent _3كتاب |
||
| 337 |
_aبدون وسيط _bn _2rdamedia |
||
| 338 |
_aمجلد _bnc _2rdacarrier |
||
| 505 | 0 |
_tالمنفرجة الأولى : شعر / _tالمنفرجة الثانية : شعر / _rيوسف بن محمد التوزري- _rأبو حامد الغزالي. |
|
| 650 | 7 |
_aالشعر الديني _2aucsh |
|
| 700 | 1 |
_aدياب، عبد المجيد _eمحقق. |
|
| 942 |
_2ddc _cBOOK _n0 |
||
| 949 |
_aSA-JeALM _d250704 _umohamedma123 _n1 |
||
| 999 |
_c9472 _d9472 |
||